Alec Baldwin Movies - Statistics

General Stats
  • This quiz has been taken 14 times
  • The average score is 6 of 19
Answer Stats
Release Year Costars Movie % Correct
1988 Winona Ryder, Michael Keaton Beetlejuice
71%
2006 Matt Damon, Jack Nicholson The Departed
64%
2004 Leonardo DiCaprio, Cate Blanchett The Aviator
50%
1990 Sean Connery, Sam Neill The Hunt For Red October
50%
1992 Al Pacino, Alan Arkin Glengarry Glen Ross
36%
2017 Steve Buscemi, Tobey Maguire The Boss Baby
36%
2015 Tom Cruise, Jeremy Renner Mission Impossible - Rogue Nation
29%
2019 Edward Norton, Willem Dafoe Motherless Brooklyn
29%
2003 William H. Macy, Maria Bello The Cooler
29%
1994 Kim Basinger, Michael Madsen The Getaway
29%
2006 Matt Damon, Angelina Jolie The Good Shepherd
29%
2001 Ben Affleck, Kate Beckinsale Pearl Harbor
21%
2014 Julianne Moore, Kristen Stewart Still Alice
21%
2015 Bradley Cooper, Emma Stone Aloha
14%
2001 Tobey Maguire, Jeff Goldblum Cats & Dogs
14%
2015 Will Smith, Luke Wilson Concussion
14%
1998 Bruce Willis, Miko Hughes Mercury Rising
14%
2016 Warren Beatty, Lily Collins Rules Don't Apply
7%
2012 Woody Allen, Penelope Cruz To Rome with Love
0%
No matching quizzes found
Score Distribution
Percent of People with Each Score
Percentile by Number Answered
Your Score History
You have not taken this quiz